000 00327nam a2200145Ia 4500
008 230917s9999||||xx |||||||||||||| ||und||
040 _e105696
_aMAIN
041 _aEnglish
082 _a658.3 R18F
100 _aRao,T V
245 0 _aFuture of H RD
260 _aDelhi
_bMacmillan
_c2003
300 _a218p p.
942 _cBK
999 _c122235
_d122235